| 000 | 01332aam a2200481 4500 | ||
|---|---|---|---|
| 005 | 20260302184214.0 | ||
| 008 | 150626b2004 xxu||||| |||| 00| 0 spa d | ||
| 020 | _a9701041089 | ||
| 041 | _aESP | ||
| 082 | _a658.8 K39m7 | ||
| 100 |
_aKerin, Roger A. _926831 |
||
| 100 |
_aBerkowitz, Eric N. _926832 |
||
| 100 |
_aHartley, Steven W. _926833 |
||
| 245 | _aMarketing | ||
| 250 | _a7 edición. | ||
| 260 | _aMéxico | ||
| 260 | _bMcGraw-Hill | ||
| 260 | _c2004 | ||
| 300 | _a857 páginas | ||
| 490 | _aDirección y Administración de Empresas | ||
| 650 | _aGERENCIA DE MERCADEO | ||
| 650 | _aMARKETING | ||
| 650 | _aINVESTIGACIÓN DE MERCADOS | ||
| 650 | _aCOMPORTAMIENTO DE CONSUMIDORES | ||
| 650 | _aCOMPRADORES | ||
| 650 | _aCLIENTES | ||
| 650 | _aESTRATEGIAS CORPORATIVAS | ||
| 650 | _aPLAN DE MERCADEO | ||
| 650 | _aCOMPORTAMIENTO DEL CONSUMIDOR | ||
| 650 | _aMERCADOS GLOBALES | ||
| 650 | _aADMINISTRACIÓN DE PRODUCTOS | ||
| 650 | _aMARCAS | ||
| 650 | _aADMINISTRACIÓN DE SERVICIOS | ||
| 650 | _aPRECIO | ||
| 650 | _aIMPLEMENTACIÓN DEL MARKETING | ||
| 650 | _aMERCADEO DE SERVICIOS | ||
| 650 | _aVENTAS AL DETALLE | ||
| 650 | _aMARKETING DIRECTO | ||
| 650 | _aPROMOCIÓN DE VENTAS | ||
| 650 | _aVENTAS PERSONALES | ||
| 650 | _aMARKETING INTERACTIVO | ||
| 942 |
_cBK _2ddc |
||
| 999 |
_c1493 _d1493 |
||